| 000 | 00494nam a22001817a 4500 | ||
|---|---|---|---|
| 003 | NUST - PNEC | ||
| 005 | 20170116180905.0 | ||
| 008 | 150902b xxu||||| |||| 00| 0 eng d | ||
| 020 | _a0-07-1133331-3 | ||
| 040 | _cLIBRARY | ||
| 082 | _a620.106 GIL | ||
| 100 |
_96615 _aGiles, Ranald V. |
||
| 245 |
_aFluid Mechanics and thermodynamics _cRanald V. Giles and Javk B. Eventt. |
||
| 250 | _a3rd ed. | ||
| 260 | _cc.1994 | ||
| 650 |
_96620 _aMechanical Engineering _xME, IME |
||
| 942 |
_2ddc _cBK |
||
| 999 |
_c65080 _d65080 |
||